000 00427cam a22001337a 4500
008 180718b1970 xxu||||| |||| 00| 0 eng d
082 _aBA27x5451 An24r
100 _aAndhra Pradesh. Backward Classes Commission
245 _aReport of the Backward Classes Commission, Andhra Pradesh
260 _aHyderabad
_bThe author
_c1970
300 _a200p.
500 _aChairman: Manohar Pershad
700 _aPershad, Manohar (Chairman)
999 _c489081
_d489081